Movies Quiz

Random Movies or Clickable Quiz

50 Flicks to Click (1990) Quiz Stats

 Plays Quiz Updated May 14, 2018

Challenge
Share
Tweet
Embed
Score 0/50 Timer 07:00
1 Play Today
% Correct
Ninja
94.3%
Scissorhands
94.1%
Dances
93.8%
Home
93.7%
Hunt
92.8%
Recall
92.8%
Cop
92.5%
Future
92.4%
Dick
90.9%
Pretty
90.8%
Flies
90.1%
Godfather
90%
Too
87.9%
Ladder
87.3%
Under
86.8%
Child
86.7%
Baby
86.7%
Volume
86.1%
You
86%
Affairs
85.7%
Thunder
85.6%
Femme
85.2%
Bird
84.1%
Another
83%
Volcano
81.9%
% Correct
Fortune
81.6%
Tie
80.9%
Wild
76%
Dead
75.5%
Innocent
75.4%
Vanities
73.3%
House
72.3%
Crossing
71.1%
Pacific
70.9%
Tale
70.6%
Lady
70%
Edge
69.2%
America
69.1%
Rescuers
68.6%
Blue
68.1%
Card
67.7%
Belle
67.1%
Henry
66.5%
Quick
66.5%
King
64.3%
Better
64.2%
Wedding
62.9%
Ford
55.5%
Grace
51%
Russia
45.8%

You're not logged in!

Compare scores with friends on all Sporcle quizzes.
OR
Log In

You Might Also Like...

Show Comments

Extras

Top Quizzes Today


Score Distribution

Your Account Isn't Verified!

In order to create a playlist on Sporcle, you need to verify the email address you used during registration. Go to your Sporcle Settings to finish the process.

Report this User

Report this user for behavior that violates our Community Guidelines.

Details: